Cities of Sioux County, Iowa - Statistics

General Stats
  • This quiz has been taken 51 times
  • The average score is 12 of 14
Answer Stats
Cities % Correct
5 Hull
100%
2 Orange City
100%
1 Sioux Center
100%
6 Alton
86%
8 Boyden
86%
4 Hawarden
86%
7 Hospers
86%
9 Ireton
86%
11 Maurice
86%
3 Rock Valley
86%
12 Sheldon
86%
10 Granville
71%
14 Matlock
71%
13 Chatsworth
57%
No matching quizzes found
Score Distribution
Percent of People with Each Score
Percentile by Number Answered
Your Score History
You have not taken this quiz